[Event "AUT-chT2W 1920"]
[Site "Austria"]
[Date "2020.03.07"]
[Round "10.4"]
[White "Scheiblmaier, Robert"]
[Black "Mittelberger, Peter"]
[Result "0-1"]
[WhiteElo "2177"]
[BlackElo "2174"]
[PlyCount "74"]
[EventDate "2019.10.04"]
[EventType "team-tourn"]
[EventRounds "11"]
[EventCountry "AUT"]
[SourceTitle "CBM 195 Extra"]
[Source "ChessBase"]
[SourceDate "2020.05.31"]
[SourceVersion "1"]
[SourceVersionDate "2020.05.31"]
[SourceQuality "1"]
[WhiteTeam "Salzburg ASK"]
[BlackTeam "Hoerbranz"]
[WhiteTeamCountry "AUT"]
[BlackTeamCountry "AUT"]

1. d4 g6 2. c4 Bg7 3. e4 d6 4. Nc3 Nd7 5. Be3 e5 6. d5 a5 7. g3 Nc5 8. Bh3 Bxh3 9. Nxh3 Qd7 10. Bxc5 dxc5 11. Qa4 Qxa4 12. Nxa4 b6 13. 0-0-0 Bf8 14. d6 0-0-0 15. dxc7 Rxd1+ 16. Rxd1 Kxc7 17. Nc3 Nf6 18. Nd5+ Nxd5 19. Rxd5 f6 20. a4 h5 21. Ng1 h4 22. g4 h3 23. Ne2 Rh4 24. f3 f5 25. gxf5 gxf5 26. Nc3 Bh6+ 27. Kb1 fxe4 28. fxe4 Bf4 29. Nb5+ Kc8 30. Na7+ Kc7 31. Nb5+ Kb8 32. Rd8+ Kb7 33. Rd7+ Kc8 34. Rd1 Bxh2 35. Rh1 Bf4 36. Nd6+ Kd7 37. Nf5 Rh8 0-1

[Event "AUT-chT2W 1819"]
[Site "Austria"]
[Date "2019.03.08"]
[Round "9.3"]
[White "Heinrich, Thomas1111"]
[Black "Scheiblmaier, Robert"]
[Result "1/2-1/2"]
[WhiteElo "2144"]
[BlackElo "2192"]
[PlyCount "36"]
[EventDate "2018.10.12"]
[EventType "team-tourn"]
[EventRounds "11"]
[EventCountry "AUT"]
[SourceTitle "CBM 189 Extra"]
[Source "ChessBase"]
[SourceDate "2019.06.03"]
[SourceVersion "1"]
[SourceVersionDate "2019.06.03"]
[SourceQuality "1"]
[WhiteTeam "Jenbach II"]
[BlackTeam "Salzburg ASK"]
[WhiteTeamCountry "AUT"]
[BlackTeamCountry "AUT"]

1. e4 e6 2. d4 d5 3. exd5 exd5 4. Nf3 Bd6 5. c4 Nf6 6. Nc3 c6 7. Bd3 0-0 8. 0-0 Bg4 9. h3 Bh5 10. Bg5 dxc4 11. Bxc4 Nbd7 12. g4 Bg6 13. Nh4 Re8 14. f4 Be4 15. Qb3 Nc5 16. Qd1 Ncd7 17. Qb3 Nc5 18. Qd1 Ncd7 1/2-1/2

[Event "AUT-chT2W 1213"]
[Site "Austria"]
[Date "2013.01.13"]
[Round "8.5"]
[White "Langwieser, Alexander"]
[Black "Scheiblmaier, Robert"]
[Result "0-1"]
[WhiteElo "2081"]
[BlackElo "2135"]
[PlyCount "52"]
[EventDate "2012.10.05"]
[EventType "team-tourn"]
[EventRounds "11"]
[EventCountry "AUT"]
[SourceTitle "EXT 2014"]
[Source "ChessBase"]
[SourceDate "2013.11.20"]
[SourceVersion "1"]
[SourceVersionDate "2013.11.20"]
[SourceQuality "1"]
[WhiteTeam "Goetzis"]
[BlackTeam "ASK"]
[WhiteTeamCountry "AUT"]
[BlackTeamCountry "AUT"]

1. e4 e6 2. d4 d5 3. e5 c5 4. c3 Qb6 5. Nf3 Nc6 6. Bd3 cxd4 7. cxd4 Bd7 8. 0-0 Nxd4 9. Nxd4 Qxd4 10. Nc3 Qxe5 11. Re1 Qb8 12. Nxd5 Bd6 13. Qg4 Kf8 14. Qh3 h5 15. Bd2 Nh6 16. Ne3 Kg8 17. Bc3 Be5 18. Bxe5 Qxe5 19. Nc4 Qf6 20. Ne5 Ng4 21. Nxg4 hxg4 22. Qxg4 Bc6 23. Qe2 Qh4 24. h3 Bxg2 25. Qg4 Qxg4 26. hxg4 Bf3 0-1

[Event "AUT-chT2W 1112"]
[Site "Austria"]
[Date "2012.03.11"]
[Round "11.5"]
[White "Scheiblmaier, Robert"]
[Black "Hengl, Christian"]
[Result "1/2-1/2"]
[WhiteElo "2113"]
[BlackElo "2240"]
[PlyCount "105"]
[EventDate "2011.10.07"]
[EventType "team-tourn"]
[EventRounds "11"]
[EventCountry "AUT"]
[SourceTitle "EXT 2013"]
[Source "ChessBase"]
[SourceDate "2012.11.22"]
[SourceVersion "1"]
[SourceVersionDate "2012.11.22"]
[SourceQuality "1"]
[WhiteTeam "Salzburg"]
[BlackTeam "Rum Rochade"]
[WhiteTeamCountry "AUT"]
[BlackTeamCountry "AUT"]

1. d4 f5 2. g3 Nf6 3. Bg2 e6 4. Nf3 Be7 5. 0-0 0-0 6. c4 d6 7. b3 a5 8. Nc3 Ne4 9. Qc2 Nxc3 10. Qxc3 Nc6 11. Ba3 Qe8 12. Rad1 Bf6 13. Qd2 Nb4 14. Bc1 e5 15. d5 b6 16. a3 Na6 17. Bb2 Nc5 18. Qc2 Bd7 19. Nd2 Qh5 20. Rfe1 g5 21. Ra1 g4 22. f4 Rae8 23. e3 Re7 24. Nf1 Qe8 25. Bc3 h5 26. Rab1 h4 27. gxh4 Bxh4 28. Ng3 Qg6 29. b4 Na4 30. bxa5 Nxc3 31. Qxc3 bxa5 32. Qxa5 Rfe8 33. Kf2 Qh6 34. Qd2 exf4 35. exf4 Rxe1 36. Rxe1 Rxe1 37. Kxe1 Bf6 38. Bf1 Qg7 39. Kf2 Bc3 40. Qd3 Qd4+ 41. Qxd4 Bxd4+ 42. Kg2 Kf7 43. Bd3 Kf6 44. Bc2 Bc5 45. a4 Be3 46. Ne2 c6 47. Kg3 cxd5 48. cxd5 Bd2 49. Nd4 Be1+ 50. Kg2 Bd2 51. Kg3 Be1+ 52. Kg2 Bd2 53. Kg3 1/2-1/2

[Event "AUT-chT2W 1112"]
[Site "Austria"]
[Date "2012.03.10"]
[Round "10.4"]
[White "Scheiblmaier, Robert"]
[Black "Tabernig, Bernhard"]
[Result "1/2-1/2"]
[WhiteElo "2113"]
[BlackElo "2317"]
[PlyCount "129"]
[EventDate "2011.10.07"]
[EventType "team-tourn"]
[EventRounds "11"]
[EventCountry "AUT"]
[SourceTitle "EXT 2013"]
[Source "ChessBase"]
[SourceDate "2012.11.22"]
[SourceVersion "1"]
[SourceVersionDate "2012.11.22"]
[SourceQuality "1"]
[WhiteTeam "Salzburg"]
[BlackTeam "Zillertal"]
[WhiteTeamCountry "AUT"]
[BlackTeamCountry "AUT"]

1. d4 d5 2. c4 e6 3. Nf3 Nf6 4. g3 dxc4 5. Bg2 a6 6. 0-0 Nc6 7. Nc3 Rb8 8. Ne5 Nxe5 9. dxe5 Qxd1 10. Rxd1 Nd7 11. f4 Bc5+ 12. Kh1 0-0 13. a4 f6 14. Ne4 Be7 15. exf6 Nxf6 16. Be3 Nxe4 17. Bxe4 b5 18. axb5 axb5 19. Ra7 Bd6 20. Bd4 Rd8 21. Be5 h6 22. Rxc7 Bxc7 23. Rxd8+ Bxd8 24. Bxb8 Bf6 25. Be5 Bxe5 26. fxe5 b4 27. Kg2 Bd7 28. Kf2 Ba4 29. Ke3 Bb3 30. Kd4 Kf7 31. Bc6 Ba2 32. Bb5 c3 33. bxc3 bxc3 34. Kxc3 Kg6 35. Kd4 Kg5 36. h3 h5 37. e3 h4 38. g4 Bd5 39. Bf1 Bf3 40. Kc5 Bd5 41. Kd6 Kh6 42. Ke7 Kg6 43. Kd6 Kf7 44. Kc5 Ke7 45. Kd4 g5 46. Kc5 Bf3 47. Kb6 Kd8 48. Kc5 Kc7 49. Kb5 Be4 50. Kc5 Bc6 51. Kd4 Kb6 52. e4 Kc7 53. Bc4 Kd7 54. Bd3 Ba4 55. Be2 Bc2 56. Bb5+ Kc7 57. Bc4 Kd7 58. Bb5+ Ke7 59. Bc4 Bd1 60. Ke3 Kd7 61. Bb5+ Ke7 62. Bc4 Ba4 63. Kd4 Kd7 64. Ke3 Bd1 65. Kd4 1/2-1/2

[Event "AUT-ch"]
[Site "Jenbach"]
[Date "2009.07.27"]
[Round "3"]
[White "Schreiner, Peter"]
[Black "Scheiblmaier, Robert"]
[Result "1-0"]
[WhiteElo "2188"]
[BlackElo "2095"]
[PlyCount "69"]
[EventDate "2009.07.25"]
[EventType "swiss"]
[EventRounds "9"]
[EventCountry "AUT"]
[SourceTitle "CBM 131 Extra"]
[Source "ChessBase"]
[SourceDate "2009.09.03"]
[SourceVersion "2"]
[SourceVersionDate "2009.09.16"]
[SourceQuality "1"]

1. e4 e6 2. d4 d5 3. Nd2 Nf6 4. e5 Nfd7 5. Bd3 c5 6. c3 b6 7. Nh3 Ba6 8. Bxa6 Nxa6 9. 0-0 Nc7 10. Qg4 g6 11. Nf3 h5 12. Qg3 Be7 13. Bg5 Bxg5 14. Nfxg5 Qe7 15. Qf4 Nf8 16. a4 a5 17. Rfe1 Nh7 18. Nxh7 Rxh7 19. Ng5 Rg7 20. h4 Kd7 21. Re3 Rf8 22. Rf3 c4 23. Rb1 Ne8 24. b3 cxb3 25. Rxb3 Kc6 26. c4 Nc7 27. Qc1 dxc4 28. Qxc4+ Kb7 29. Ne4 Ka7 30. Rxb6 Kxb6 31. Rb3+ Ka7 32. Nd6 Na6 33. Qc6 Rb8 34. Nc8+ Rxc8 35. Qb6+ 1-0

[Event "AUT-chT2W 0809"]
[Site "Austria"]
[Date "2008.10.19"]
[Round "3.6"]
[White "Pichler, Andreas"]
[Black "Scheiblmaier, Robert"]
[Result "0-1"]
[WhiteElo "2061"]
[BlackElo "2133"]
[PlyCount "54"]
[EventDate "2008.10.17"]
[EventType "team-tourn"]
[EventRounds "11"]
[EventCountry "AUT"]
[SourceTitle "EXT 2010"]
[Source "ChessBase"]
[SourceDate "2010.11.25"]
[SourceVersion "1"]
[SourceVersionDate "2010.11.25"]
[SourceQuality "1"]
[WhiteTeam "Schwarzach"]
[BlackTeam "Salzburg"]
[WhiteTeamCountry "AUT"]
[BlackTeamCountry "AUT"]

1. e4 e6 2. d4 d5 3. exd5 exd5 4. Bd3 Nc6 5. Nf3 Bg4 6. Be3 Qf6 7. Nbd2 Bd6 8. 0-0 h6 9. c3 Nge7 10. Qc2 0-0 11. b4 Bf5 12. Nb3 a5 13. b5 Nb8 14. a4 Nd7 15. Nc5 Bg4 16. h3 Bxh3 17. gxh3 Bxc5 18. dxc5 Qxf3 19. Kh2 Ne5 20. Be2 Qe4 21. Qxe4 dxe4 22. Rg1 Kh7 23. Bd4 N7g6 24. Rg3 Rae8 25. Rag1 Rg8 26. Bd1 Nf4 27. Re3 Neg6 0-1

[Event "AUT-ch"]
[Site "Leoben"]
[Date "2008.07.25"]
[Round "7"]
[White "Bachler, Reinhard"]
[Black "Scheiblmaier, Robert"]
[Result "1-0"]
[WhiteElo "2248"]
[BlackElo "2133"]
[PlyCount "81"]
[EventDate "2008.07.19"]
[EventType "swiss"]
[EventRounds "9"]
[EventCountry "AUT"]
[SourceTitle "CBM 125 Extra"]
[Source "ChessBase"]
[SourceDate "2008.09.01"]
[SourceVersion "1"]
[SourceVersionDate "2008.09.01"]
[SourceQuality "1"]

1. f4 e5 2. fxe5 d6 3. exd6 Bxd6 4. Nf3 g5 5. g3 g4 6. Nh4 Ne7 7. d4 Ng6 8. Nxg6 hxg6 9. Qd3 Nc6 10. c3 Bf5 11. e4 Qe7 12. Bg2 0-0-0 13. 0-0 Ne5 14. Qe3 Bd7 15. Nd2 Bb5 16. Rf2 Nd3 17. e5 Nxf2 18. Qxf2 Bxe5 19. dxe5 Qxe5 20. Nf1 Bxf1 21. Bf4 Qe2 22. Qxf1 Qxf1+ 23. Bxf1 Rhe8 24. Rc1 f6 25. Rc2 g5 26. Bd2 Rd7 27. c4 c5 28. Bc3 Rd6 29. Rf2 Rf8 30. Be2 Kc7 31. Be5 fxe5 32. Rxf8 Rd2 33. Bxg4 Rxb2 34. Rf2 Rb1+ 35. Kg2 b5 36. cxb5 Rxb5 37. h4 gxh4 38. gxh4 c4 39. h5 Kd6 40. h6 Rb8 41. h7 1-0

[Event "AUT-ch"]
[Site "Leoben"]
[Date "2008.07.23"]
[Round "5"]
[White "Scheiblmaier, Robert"]
[Black "Genser, Harald"]
[Result "0-1"]
[WhiteElo "2133"]
[BlackElo "2342"]
[PlyCount "70"]
[EventDate "2008.07.19"]
[EventType "swiss"]
[EventRounds "9"]
[EventCountry "AUT"]
[SourceTitle "CBM 125 Extra"]
[Source "ChessBase"]
[SourceDate "2008.09.01"]
[SourceVersion "1"]
[SourceVersionDate "2008.09.01"]
[SourceQuality "1"]

1. d4 Nf6 2. c4 e6 3. g3 d5 4. Bg2 dxc4 5. Nf3 c6 6. 0-0 b5 7. Ne5 Bb7 8. a4 a6 9. Nc3 Nd5 10. Bxd5 exd5 11. e4 Be7 12. exd5 0-0 13. dxc6 Nxc6 14. Nxc6 Bxc6 15. d5 Bd7 16. d6 Bf6 17. Nd5 Bh3 18. Nxf6+ Qxf6 19. Re1 Rfe8 20. Bf4 Qxb2 21. Qh5 Rxe1+ 22. Rxe1 Be6 23. axb5 Qxb5 24. Re5 Qb1+ 25. Kg2 Qb7+ 26. Kg1 Qb1+ 27. Kg2 Rd8 28. Qf3 h6 29. Rc5 Qd3 30. Qxd3 cxd3 31. Rc3 g5 32. Be5 f6 33. Rxd3 fxe5 34. Kf3 Bc4 35. Rd2 Kf7 0-1